GR4 Políticos España s XIX - Estadísticas

Estadísticas generales
  • Esta prueba ha sido intentada 7 veces
  • La puntuación promedio es 11 de 99
Estadísticas de respuestas
Hint Respuesta % Correcto
Sublevación Progresita 1840 (nuevo regente) Espartero
83%
Aparece desde la Vicalvarada y es figura bisagra Leopoldo O’Donnell
83%
Desamortización 1855 Madoz
67%
Desamortización 1836 Mendizábal
67%
S Estado Carlos IV 3 Godoy
50%
P Liberal-Fusionista Práxedes Mateo Sagasta
50%
M Gobernación Sagasta
50%
S Estado Carlos IV 2 Aranda
33%
P Conservador Cánovas del Castillo
33%
Presidente 1 Junta Central Floridablanca
33%
S Estado Carlos IV 1 Floridablanca
33%
Presidente 5 Francisco Serrano
33%
S E Isabel 1846 Istúriz
33%
S E Isabel CE 1845 Narváez
33%
Giro autoritario 1848 Narváez
33%
Primer JdG Serrano
33%
CE 1876 Alonso Martínez
17%
B 22 julio 1812 Arapiles
17%
B 19 julio 1808 Bailén
17%
Convenio Vergara 31 agosto 1839 Baldomero Espartero y Rafael Maroto
17%
S Estado María Cristina 1 Cea Bermúdez
17%
Presidente 4 Emilio Castelar
17%
Presidente 2 Francisco Pi y Margall
17%
S Estado María Cristina 4 (Bienio Liberal 1835–1837) José María Calatrava
17%
Pronunciamiento Coruña 1815 Juan Díaz Porlier
17%
S Estado María Cristina 2 Martínez de la Rosa
17%
Reforma fiscal 1845 Mon-Santillán
17%
Presidente 3 (Dimisión) Nicolás Salmerón
17%
Incidente 1789 Carlos III buques británicos Vancouver Nutka
17%
Golpe 3 enero 1874 Pavía
17%
Lider Gloriosa 1868 Prim
17%
M Guerra Prim
17%
Pronunciamiento Cabezas de San Juan Rafael del Riego
17%
S Estado Carlos IV 4 Urquijo
17%
Estatuto Istúriz (non nato) 1836
0%
Matrimonio morganático Agustín Fernando Muñoz
0%
Liberal 1 Cádiz (luego asume Burke) Alcalá Galiano
0%
B 1868 Alcolea
0%
Bando alcaldes Móstoles Andrés Torrejón y Simón Hernández
0%
Protesta de Baraguá (marzo 1878) Antonio Maceo
0%
Duque de Wellington Arthur Wellesley
0%
Manifiesto de Persas 1814 Bernardo Mozo de Rosales
0%
S E Isabel 1851–1852 Bravo Murillo
0%
Mujer 2 Clara del Rey
0%
S Estado María Cristina 6 (Trienio Moderado 1837–1839) Conde de Ofalia
0%
Sublevación Moderada 1841 Diego de León
0%
Guardia Civil 1844 Duque de Ahumada
0%
S Estado María Cristina 7 (Trienio Moderado 1837–1839) Duque de Frías
0%
Presidente R 1 Estanislao Figueras
0%
L Imprenta 1883 Eugenio Montero Ríos
0%
S Estado María Cristina 5 (Trienio Moderado 1837–1839) Eusebio Bardají
0%
Gran Elector Fco Romero Robledo
0%
S E Isabel 1852 Federico Roncali
0%
ILE 3 (socialista) Fernando de los Ríos
0%
Pronunciamiento Navarra 1814 Francisco Espoz y Mina
0%
ILE 1 Giner de los Ríos
0%
Decreto de Valencia 1814 1 Gómez Labrador
0%
Segunda guerra carlista Guerra dels Matiners
0%
ILE 2 Gumersindo de Azcárate
0%
Unión Católica Hermanos Pidal
0%
Creador de 49 provincias Javier de Burgos
0%
Primer Gobierno Joaquín María López
0%
Pronunciamiento Valencia 1819 Joaquín Vidal
0%
Consolidación deuda José de Echegaray
0%
Sitio Zaragoza José de Palafox
0%
El Empecinado (jefe guerrillas Cadiz) Juan Martín Díez
0%
Decreto de Valencia 1814 3 Lardizábal
0%
Unificación arancelaria Laureano Figuerola
0%
M Hacienda Lorenzana
0%
León Congreso 1 Luis Daoiz
0%
Pronunciamiento Barcelona 1817 Luis Lacy
0%
S Estado María Cristina 9 (Trienio Moderado 1837–1839) Luis Mayans
0%
Mujer 1 Manuela Malasaña
0%
C Comercio: RD 22 agosto 1885 Manuel Durán y Bas
0%
Liberal 2 Cádiz Manuel José Quintana
0%
Manifiesto 7 julio 1854, Cánovas, O’Donnell y Serrano Manzanares
0%
Presidente 2 Junta Central Marqués de Astorga
0%
Intento Reforma Económica Martín de Garay
0%
Asesino de Cánovas Michele Angiolillo
0%
L Instrucción Pública 1857 Moyano
0%
P Comisión CE Muñoz Torrero
0%
Decreto 1875 que prohibe la ILE Orovio
0%
Pacto 1866 Ostende
0%
León Congreso 2 Pedro Velarde
0%
S Estado María Cristina 8 (Trienio Moderado 1837–1839) Pérez de Castro
0%
Decreto de Valencia 1814 2 Pérez Villamil
0%
Reforma educativa 1845 Plan Pidal
0%
Hacienda María Cristina 3 (Bienio Liberal 1835–1837) Queipo de Llano
0%
Psicología del pueblo español (1902) Rafael Altamira
0%
Levantamiento realista 1822 Regencia de Urgel
0%
Protestas 1865 por destitución Emilio Castelar. San Daniel
0%
Motín cuartel 1866 San Gil
0%
L Asociaciones 30 junio 1887 Segismundo Moret
0%
Logia Istúriz Soberano capítulo
0%
Fco Martínez Rosa, revolución terminada sufragio censitario Sociedad del Anillo
0%
Logia radicales, Alcalá Galiano Taller sublime
0%
Revolución 1854 entre O'Donnel y Gob Vicalvarada
0%
Pronunciamiento Conspiración Triángulo 1816 Vicente Richart y Baltasar Gutiérrez
0%
B 21 junio 1813 Vitoria
0%
No se encontraron pruebas coincidentes
Distribución de puntuación
Porcentaje de gente con cada puntuación
Porcentaje por número respondido
Historial de tus puntuaciones
No has intentado esta prueba.